Historia de um livro /
Salvato in:
| Autore principale: | |
|---|---|
| Natura: | Libro |
| Lingua: | Portuguese |
| Pubblicazione: |
Rio de Janeiro :
CIEC,
1989.
|
| Serie: | Papeis Avulsos 1989
4 |
| Soggetti: | |
| Tags: |
Aggiungi Tag
Nessun Tag, puoi essere il primo ad aggiungerne!!
|
MARC
| LEADER | 00000cam a2200000 u 4500 | ||
|---|---|---|---|
| 001 | 958838 | ||
| 005 | 20150507114057.0 | ||
| 008 | 910426s1989 bl ||||||||| |||| ||por | | ||
| 040 | |c CRU CIICLA | ||
| 082 | |a Br869.4 |b S235h | ||
| 100 | 1 | |a Santiago, Silviano | |
| 245 | 1 | 0 | |a Historia de um livro / |c Silvano Santiago |
| 260 | |a Rio de Janeiro : |b CIEC, |c 1989. | ||
| 300 | |a 17 páginas | ||
| 490 | 1 | |a Papeis Avulsos 1989 |v 4 | |
| 600 | 1 | 4 | |a ANDRADE, MARIO DE |d 1893-1945 |t MACUNAIMA |
| 650 | 1 | 4 | |a LITERATURA BRASILEÑA |x CRITICA |
| 942 | |2 ddc |c BK | ||
| 999 | |c 4084 |d 4084 | ||
